Colonizar el dolor: la interpelación ideológica del Banco Mundial en América Latina, el caso argentino desde Blumberg a Cromañón

La autora vuelve, apelando al psicoanálisis y la filosofía, al concepto de interpelación ideológica como proceso de constitución de sujetos al interior de dispositivos, en un entramado simbólico que los trasciende. Desde esa perspectiva analiza las transformaciones en la lógica de gobierno de las po...

Descrizione completa

Salvato in:
Dettagli Bibliografici
Autore principale: Murillo, Susana
Natura: testo
Pubblicazione: Buenos Aires: CLACSO. Consejo Latinoamericano de Ciencias Sociales. Conselho Latino-americano de Ciências Sociais
Soggetti:
Tags: Aggiungi Tag
Nessun Tag, puoi essere il primo ad aggiungerne!!

MARC

LEADER 00000 a a2200000 04500
001 38921
003
040
020 |a 978-987-1183-90-6  
090 |a 0006 M972c  
100 |a Murillo, Susana  
245 |a Colonizar el dolor: la interpelación ideológica del Banco Mundial en América Latina, el caso argentino desde Blumberg a Cromañón  
260 |a Buenos Aires:   |b CLACSO. Consejo Latinoamericano de Ciencias Sociales. Conselho Latino-americano de Ciências Sociais  
300 |a 364 p.  
520 |a La autora vuelve, apelando al psicoanálisis y la filosofía, al concepto de interpelación ideológica como proceso de constitución de sujetos al interior de dispositivos, en un entramado simbólico que los trasciende. Desde esa perspectiva analiza las transformaciones en la lógica de gobierno de las poblaciones, desde la ficción del pacto social de unión basado en la soberanía de los estados nacionales hasta las nuevas formas de decisionismo impulsadas por organismos internacionales para América Latina. La transformación supuso, entra otras, una mutación: si en la modernidad el poder tendió a gestionar la vida y denegar la muerte construyéndola como un proceso que imaginariamente le ocurre al otro, el orden simbólico que se gesta desde los años setenta interpela a asumir la muerte como una amenaza insoslayable..En este proceso, la pobreza y la desigualdad son presentadas como metáforas de la muerte, al tiempo que se interpela a naturalizarlas como parte de la estructura ontológica del ser humano y como lugar desde donde brota la inseguridad. Esos complejos procesos son analizados en textos de filosofía política y documentos del Banco Mundial. A la vez se constatan los efectos subjetivos del proceso, a partir del trabajo de campo en medio de marchas de protesta en Buenos Aires, en relación a dos casos, conocidos como "Blumberg" y "Cromañón". En ambos la muerte, asociada a la inseguridad, impulsa a los ciudadanos a exigir al Estado -de modo apolítico- rendición de cuentas. Esta política que aparece como apolítica es una de las tácticas con las que se intenta, por un lado, colonizar el dolor de las poblaciones y, poLa autora vuelve, apelando al psicoanálisis y la filosofía, al concepto de interpelación ideológica como proceso de constitución de sujetos al interior de dispositivos, en un entramado simbólico que los trasciende. Desde esa perspectiva analiza las transformaciones en la lógica de gobierno de las poblaciones, desde la ficción del pacto social de unión basado en la soberanía de los estados nacionales hasta las nuevas formas de decisionismo impulsadas por organismos internacionales para América Latina. La transformación supuso, entra otras, una mutación: si en la modernidad el poder tendió a gestionar la vida y denegar la muerte construyéndola como un proceso que imaginariamente le ocurre al otro, el orden simbólico que se gesta desde los años setenta interpela a asumir la muerte como una amenaza insoslayable..En este proceso, la pobreza y la desigualdad son presentadas como metáforas de la muerte, al tiempo que se interpela a naturalizarlas como parte de la estructura ontológica del ser humano y como lugar desde donde brota la inseguridad. Esos complejos procesos son analizados en textos de filosofía política y documentos del Banco Mundial. A la vez se constatan los efectos subjetivos del proceso, a partir del trabajo de campo en medio de marchas de protesta en Buenos Aires, en relación a dos casos, conocidos como "Blumberg" y "Cromañón". En ambos la muerte, asociada a la inseguridad, impulsa a los ciudadanos a exigir al Estado -de modo apolítico- rendición de cuentas. Esta política que aparece como apolítica es una de las tácticas con las que se intenta, por un lado, colonizar el dolor de las poblaciones y, por otro, forzar a los gobiernos de la región a profundizar las líneas establecidas por el Consenso de Washington y, en especial, a reformar la justicia  
650 |a IDEOLOGIAS  
650 |a CIUDADANIA  
650 |a MOVIMIENTOS SOCIALES  
650 |a ESTADO  
650 |a SOCIEDAD CIVIL  
650 |a PARTICIPACION POLITICA  
650 |a BANCO MUNDIAL  
650 |a ARGENTINA  
650 |a AMERICA LATINA  
999 |c 14187  |d 14187